00225 a2200085 450000100060000008200150000610000400002124500360006126000420009763351 a297.63 TAH aProf Dr. Muhammad Tahir-ul- Qadri aSirat- Ur-Rasool Vol 8hEnglish aPakistanbMinhaj-ul-Quran Publication